000 00348 a2200157 4500
001 45957
020 _a9788574062945
040 _cAnchieta - Aquarius
100 _aWilis, Jeanne
240 1 0 _aMumu, a vaquinha jururu
_lpor
245 1 0 _aMumu, a vaquinha jururu
300 _a
362 0 _a2007
650 4 _aLiteratura infantil
942 _cBK
999 _c45957
_d45957